รายละเอียดในรูปแบบ MARC
| 000 -LEADER |
| fixed length control field |
01162nam a22003137a 4500 |
| 005 - DATE AND TIME OF LATEST TRANSACTION |
| control field |
20210325184857.0 |
| 008 - FIXED-LENGTH DATA ELEMENTS--GENERAL INFORMATION |
| fixed length control field |
s1996 eng d |
| 020 ## - INTERNATIONAL STANDARD BOOK NUMBER |
| International Standard Book Number |
9813055359 |
| 041 ## - LANGUAGE CODE |
| Language code of text/sound track or separate title |
eng |
| 050 ## - LIBRARY OF CONGRESS CALL NUMBER |
| Classification number |
R AY370 S68 1996 |
| 245 10 - TITLE STATEMENT |
| Title |
Southeast Asia affairs 1996 |
| 260 3# - PUBLICATION, DISTRIBUTION, ETC. |
| Place of publication, distribution, etc. |
Singapore : |
| Name of publisher, distributor, etc. |
Instuite of Southeast Asia Studies, |
| Date of publication, distribution, etc. |
1996 |
| 300 ## - PHYSICAL DESCRIPTION |
| Extent |
402 p.: |
| Other physical details |
map, table ; |
| Dimensions |
26 cm. |
| 650 04 - SUBJECT ADDED ENTRY--TOPICAL TERM |
| Topical term or geographic name entry element |
Asia, Southeastern -- Current events -- 1995-- |
| 650 04 - SUBJECT ADDED ENTRY--TOPICAL TERM |
| Topical term or geographic name entry element |
Philippines -- Economic conditions, 1995-- |
| 650 04 - SUBJECT ADDED ENTRY--TOPICAL TERM |
| Topical term or geographic name entry element |
Asia, Southeastern -- Economic conditions -- 1995-- |
| 650 04 - SUBJECT ADDED ENTRY--TOPICAL TERM |
| Topical term or geographic name entry element |
Cambodia -- Politics and government -- 1995-- |
| 650 04 - SUBJECT ADDED ENTRY--TOPICAL TERM |
| Topical term or geographic name entry element |
Asia, Southeastern -- Politics and government -- 1995 |
| 650 04 - SUBJECT ADDED ENTRY--TOPICAL TERM |
| Topical term or geographic name entry element |
Indonesia -- Politics and government , 1995-- |
| 650 04 - SUBJECT ADDED ENTRY--TOPICAL TERM |
| Topical term or geographic name entry element |
Myanmar -- Politics and government |
| 650 04 - SUBJECT ADDED ENTRY--TOPICAL TERM |
| Topical term or geographic name entry element |
Malaysia -- Politics and government, 1995-- |
| 650 04 - SUBJECT ADDED ENTRY--TOPICAL TERM |
| Topical term or geographic name entry element |
Thailand -- Politics and government, 1995-- |
| 650 04 - SUBJECT ADDED ENTRY--TOPICAL TERM |
| Topical term or geographic name entry element |
Singapore -- Politics and government, 1995-- |
| 650 04 - SUBJECT ADDED ENTRY--TOPICAL TERM |
| Topical term or geographic name entry element |
Political economy -- Asia, Southeastern |
| 850 ## - HOLDING INSTITUTION |
| Holding institution |
NALT |
| 942 ## - ADDED ENTRY ELEMENTS (KOHA) |
| Koha item type |
Reference Book |
| 997 ## - |
| -- |
000000000021130 |
| 998 ## - LOCAL CONTROL INFORMATION (RLIN) |
| -- |
SOPAPORN |